• 首页
  • 本馆介绍
  • 公告通知
  • 最新文献
  • 馆藏检索
  • 电子资源
  • 读者导购
  • 参考咨询
  • 我的图书馆
  • 登录
  • 详细信息显示
  • 放入我的书架
  • 预约/预借图书
  • 作者相关作品
  • 分类相关作品
  • 丛书相关作品
  • 出版社相关作品

书目信息

  • 表格格式
  • 工作单格式
  • 卡片格式
题名:
有机分析
    
 
作者: 陈耀祖 编
分册:  
出版信息: 北京   高等教育出版社  1981
页数: 855页
开本: 25cm
丛书名: 高等学校教学参考书
单 册:
中图分类: O656
科图分类:
主题词: 有机分析--高等学校--教材
电子资源:
ISBN:
000 00689nam2 2200265 45
001 0181005275
005 20041103140644.2
010    @dCNY6.80
091    @a13012.0650
100    @a19950525d1981 em y0chiy0121 ea
101 0  @achi
102    @aCN@b110000
105    @ay z 000yy
106    @ar
200 10 @a有机分析@Ayou ji fen xi@f陈耀祖编
210    @a北京@c高等教育出版社@d1981
215    @a855页@d25cm
225 2  @a高等学校教学参考书
410  0 @120010@a高等学校教学参考书
606    @a有机分析@x高等学校@x教材
690    @aO656@v3
701  0 @a陈耀祖@Achen yao zu@4编
801  0 @aCN@b上海图书馆@c20040520
801  2 @aCN@bNLC@c20040520
905    @dO656@e6@f1@b95181
    
    有机分析/陈耀祖编.-北京:高等教育出版社,1981
    855页;25cm.-(高等学校教学参考书)
    
    
    ISBN :CNY6.80
    
●
相关链接 在E读中查询图书 在五车中查询图书 在当当中查询图书 在豆瓣中查询图书


正题名:有机分析     索取号:O656/6         预约/预借

序号 登录号 条形码 馆藏地/架位号 状态 备注
1 0095179   000628976   第三借阅区/ [索取号:O656/6] 在馆    
2 0095181   001947362   密集书库/ [索取号:O656/6] 在馆    
3 0095182   000628994   密集书库/ [索取号:O656/6] 在馆    
4 0095183   000628985   第二样本阅览室/ [索取号:O656/6] 在馆    
唐山师范学院图书馆 欢迎您!
大连网信软件有限公司© 版权所有